No milk no quota (Record no. 72295)
[ view plain ]
| 000 -LEADER | |
|---|---|
| fixed length control field | 00993cam a2200193 4500 |
| 001 - CONTROL NUMBER | |
| control field | WB3910-20 |
| 008 - FIXED-LENGTH DATA ELEMENTS--GENERAL INFORMATION | |
| fixed length control field | 030312n2003 000 0 eng u |
| 035 ## - SYSTEM CONTROL NUMBER | |
| System control number | (Sirsi) u121611 |
| 245 ## - TITLE STATEMENT | |
| Title | No milk no quota |
| 260 ## - PUBLICATION, DISTRIBUTION, ETC. | |
| Date of publication, distribution, etc. | 2003 |
| 490 ## - SERIES STATEMENT | |
| Series statement | Farmers' Weekly |
| Volume/sequential designation | 138(9) 28 February 2003, 21(1) |
| 520 ## - SUMMARY, ETC. | |
| Summary, etc. | Farmers who have stopped milking cows will be banned from holding quota and leasing it out following DEFRA's interpretation of the European Court of Justice's decision in favour of a German dairy farmer's leasing of quota from another farmer who died. Producers not producing against their quota in the 2003/04 milk year have until 31 March 2004 to sell their quota or resume production. If they do neither, their quota will be confiscated into a national reserve. Non-producing quota holders own about 10% of the UK's quota. |
| 590 ## - LOCAL NOTE (RLIN) | |
| Local note | WB |
| 650 ## - SUBJECT ADDED ENTRY--TOPICAL TERM | |
| Topical term or geographic name entry element | MILK QUOTAS |
| 650 ## - SUBJECT ADDED ENTRY--TOPICAL TERM | |
| Topical term or geographic name entry element | CONFISCATION |
| 650 ## - SUBJECT ADDED ENTRY--TOPICAL TERM | |
| Topical term or geographic name entry element | QUOTA LEASING |
| 690 ## - LOCAL SUBJECT ADDED ENTRY--TOPICAL TERM (OCLC, RLIN) | |
| Topical term or geographic name as entry element | RURAL-FARM BUSINESS MANAGEMENT |
| 942 ## - ADDED ENTRY ELEMENTS (KOHA) | |
| Suppress in OPAC | 0 |
| Withdrawn status | Lost status | Source of classification or shelving scheme | Damaged status | Not for loan | Home library | Current library | Shelving location | Date acquired | Total Checkouts | Full call number | Barcode | Date last seen | Copy number | Price effective from | Koha item type |
|---|---|---|---|---|---|---|---|---|---|---|---|---|---|---|---|
| Dewey Decimal Classification | London | London | News article | 12/03/2003 | WB3910-20 | 121611-1001 | 06/08/2019 | 1 | 06/08/2019 | News article |